00570nam a2200205Ia 4500003000400000005001700004008004100021020001500062040001800077041000800095082002000103100001900123245005300142250001200195260004300207300002600250650001600276650003800292650003400330OSt20250109110622.0210716s1995 xx 000 0 und d a8170295467 cAIMIT LIBRARY aeng a005.7401 bBAYI aBayross, Ivan. aOracle7 :bComplete reference /cBy Ivan Bayross a1st ed. aNew Delhi :bBPB Publications ,c1995. a399,8 p.;bHBc24 cm. aOracle /SQL aUsing pl /sql blocks in sql forms aWorking with sql reportwriter